Posledná plavba Port Polisu /

Hlavní autor: Kédros, André, 1917-1999
Další autoři: Kunoši, Alexander, 1908-1962
Jazyk: Slovenština
Vydáno: Bratislava : Slovenské vydavateľstvo krásnej literatúry, 1961
Vydání: 1. vyd.
Edice: Prameň (Slovenské vydavateľstvo krásnej literatúry)
Hviezdoslavova knižnica (Slovenské vydavateľstvo krásnej literatúry)
Fyzický popis: 149 s. ; 8°
Knihy
Uloženo v:
LEADER 01092nam a22002892a 4500
001 001385624
003 CZ BrMZK
005 20140712204718.0
007 ta
008 140507s1961 xo er|||||||||||slo d
040 |a ABA001  |b cze  |c ABA001  |d ABA001  |d LIA001  |d BOA001 
041 1 |a slo  |h fre 
100 1 |a Kédros, André,  |d 1917-1999  |7 xx0005583  |4 aut 
245 1 0 |a Posledná plavba Port Polisu /  |c André Kédros ; preložil Alexander Kunoši 
250 |a 1. vyd. 
260 |a Bratislava :  |b Slovenské vydavateľstvo krásnej literatúry,  |c 1961 
300 |a 149 s. ;  |c 8° 
490 1 |a Prameň ;  |v zv. 54 
490 1 |a Hviezdoslavova knižnica ;  |v prémia 1961 
500 |a Přeloženo z francouzštiny 
700 1 |a Kunoši, Alexander,  |d 1908-1962  |7 kv2012678303  |4 trl 
830 0 |a Prameň (Slovenské vydavateľstvo krásnej literatúry) 
830 0 |a Hviezdoslavova knižnica (Slovenské vydavateľstvo krásnej literatúry) 
910 |a BOA001  |b 2-0465.531 
990 |a BK 
991 |b 201405 
996 7 |b 2619072920  |c 2-0465.531  |l MZK  |r Sklad / do 24 hodin  |n 0  |w 001420443  |u 000010  |a 1  |e BOA001  |j MZK50  |s A